| 000 | 00468nam a2200157Ia 4500 | ||
|---|---|---|---|
| 999 |
_c18027 _d18027 |
||
| 003 | OSt | ||
| 005 | 20200606120049.0 | ||
| 008 | 190216s9999||||xx |||||||||||||| ||und|| | ||
| 040 | _cMESKC library | ||
| 082 |
_a891.43 _bMIS/N |
||
| 100 |
_aMishra, Bageerath _9368 |
||
| 245 | 0 |
_aNirala Kavya Ka Adyayan / _cBageerath Mishra |
|
| 260 |
_bRadhakrishna Prakashan, _aDelhi: _c1973. |
||
| 300 | _a88p | ||
| 942 |
_cBK _2ddc _h891.43 _iMIS/N _k891.43 _mMIS/N |
||